000 00650cam a22002411 4500
001 sa 65007142
003 DLC
005 20260227112147.0
008 940930s1963 ii b 000 0 beno
010 _asa 65007142
025 _aPL480:I-B-1762
035 _a(OCoLC)31205787
040 _aDLC
_cCU
_dCU
_dDLC
042 _apremarc
050 0 0 _aPN5378.B5
_bB4
100 1 _aBhjattacharya, Arun Kumar,
_d1925-
245 1 0 _aSāmaẏikapatra o Bāṃlā sāhitya.
260 _c[1963]
300 _a10, 98 p.
_c23 cm.
500 _aIn Bengali.
504 _aBibliographical footnotes.
650 0 _aBengali periodicals
_xHistory and criticism.
999 _c65081
_d65081